Elektrárne 1 /

Gespeichert in:
Bibliographische Detailangaben
1. Verfasser: Marko, Štefan (Verfasst von)
Format: Buch
Sprache:Slowakisch
Veröffentlicht: Bratislava : STU v Bratislave, 1987
Ausgabe:2.vyd.
Tags: Tag hinzufügen
Keine Tags, Fügen Sie das erste Tag hinzu!

MARC

LEADER 00000nam a22000003a 4500
001 stu7012
005 20150617225809.2
008 940804s1987----cs------------------slo-d
040 |a STU  |b slo 
041 0 |a slo 
044 |a cs 
100 1 |a Marko, Štefan  |4 aut  |u E130  |U FEI Fakulta elektrotechniky a informatiky  |T FEI Katedra elektroenergetiky  |U E130  |Y 59 
245 1 |a Elektrárne 1 /  |c [aut.] Marko,řtefan 
250 |a 2.vyd. 
260 |a Bratislava :  |b STU v Bratislave,  |c 1987 
300 |a 334 s 
996 |b 284EK08955  |c E*63559  |l EE0105  |s P  |a 0  |w stu7012_0001 
996 |b 284ES06791  |c E*S-35065  |l EE01  |s A  |a 24  |w stu7012_0002